[Event "Dutch Open 2023"]
[Site "Dieren, Netherlands"]
[Date "????.??.??"]
[Round "3.12"]
[White "Koster, Chiel"]
[Black "De Boer, Eelke"]
[Result "0-1"]
[WhiteElo "2052"]
[BlackElo "2270"]
[PlyCount "60"]

1. b4 e5 2. Bb2 f6 3. a3 d5 4. e3 Be6 5. Nf3 a5 6. b5 c5 7. bxc6 bxc6 8. c4 Bd6
9. Nc3 Ne7 10. cxd5 cxd5 11. Nb5 O-O 12. Nxd6 Qxd6 13. Be2 Nbc6 14. d3 a4 15.
O-O Rfb8 16. Rb1 d4 17. Nd2 dxe3 18. fxe3 Ba2 19. Ne4 Qe6 20. Qd2 Bxb1 21. Rxb1
Na5 22. d4 exd4 23. Qxd4 Nac6 24. Qd3 Ne5 25. Bxe5 Rxb1+ 26. Qxb1 Qxe5 27. Bc4+
Kh8 28. Qd3 Nf5 29. g4 Re8 30. Bd5 Rd8 0-1

[Event "Dutch Open 2023"]
[Site "Dieren, Netherlands"]
[Date "????.??.??"]
[Round "3.13"]
[White "Slagboom, Leandro"]
[Black "Kurt, Sascha"]
[Result "1-0"]
[WhiteElo "2270"]
[BlackElo "1986"]
[PlyCount "131"]

1. d4 Nf6 2. c4 c5 3. d5 b5 4. cxb5 a6 5. e3 g6 6. Nc3 d6 7. Nf3 Bg7 8. a4 O-O
9. e4 axb5 10. Bxb5 Ba6 11. Bxa6 Nxa6 12. O-O Nd7 13. Qe2 Qa5 14. Bd2 Rfb8 15.
Nb5 Qb6 16. Bc3 Nc7 17. Nxc7 Qxc7 18. Bxg7 Kxg7 19. Rfb1 Rb4 20. Qc2 Qb7 21.
Nd2 Qa6 22. b3 Rab8 23. Nc4 Kg8 24. a5 Nf6 25. h3 Ne8 26. e5 Nc7 27. exd6 exd6
28. Nb6 Re8 29. Rd1 Qe2 30. Qxe2 Rxe2 31. Nc4 Na6 32. Ra3 Re4 33. f3 Rd4 34.
Rxd4 cxd4 35. Nxd6 d3 36. Nc4 Rb5 37. d6 Rd5 38. Ra1 Kf8 39. Kf2 Ke8 40. Re1+
Kd8 41. Re5 Rd4 42. Ke3 d2 43. Nxd2 Rxd6 44. Rb5 Kc7 45. Nc4 Rd1 46. Rb6 Nb8
47. Rf6 Rd7 48. Ne5 Re7 49. Rxf7 Rxf7 50. Nxf7 Nc6 51. Ng5 h6 52. Nf7 Nxa5 53.
Nxh6 Nxb3 54. Kf4 Nd4 55. Ke5 Ne2 56. h4 Kd7 57. Kf6 Ke8 58. Ng4 Nf4 59. Ne3
Kf8 60. Kg5 Ne6+ 61. Kxg6 Kg8 62. h5 Kh8 63. Nd5 Nf8+ 64. Kf5 Kg7 65. g4 Nh7
66. g5 1-0

[Event "Dutch Open 2023"]
[Site "Dieren, Netherlands"]
[Date "????.??.??"]
[Round "3.14"]
[White "Schuricht, Emil Frederick"]
[Black "Duijker, Rick"]
[Result "1/2-1/2"]
[WhiteElo "2018"]
[BlackElo "2198"]
[PlyCount "86"]

1. d4 Nf6 2. c4 c5 3. d5 b5 4. cxb5 a6 5. bxa6 g6 6. Nc3 Bg7 7. e4 O-O 8. Nf3
Qa5 9. Bd2 Bxa6 10. Be2 Bxe2 11. Qxe2 Qa6 12. e5 Ng4 13. Bf4 d6 14. Qxa6 Rxa6
15. exd6 exd6 16. O-O Nd7 17. a4 Rb8 18. Ra2 Nge5 19. Nxe5 Nxe5 20. Bxe5 Bxe5
21. Rfa1 Rb3 22. Kf1 Bxc3 23. bxc3 Rxc3 24. Rb2 Rc4 25. Rb8+ Kg7 26. Rc8 Rcxa4
27. Rxa4 Rxa4 28. Rc6 Kf6 29. Rxd6+ Ke5 30. Rd7 f5 31. Rxh7 Kxd5 32. Rh6 Ra6
33. h4 Re6 34. h5 gxh5 35. Rxh5 Ke4 36. Ke2 c4 37. Rh4+ Kd5+ 38. Kd2 Rg6 39.
Rh5 Ke4 40. Rh4+ Kd5 41. Rh5 Rxg2 42. Rxf5+ Ke4 43. Rf8 Kd4 1/2-1/2

[Event "Dutch Open 2023"]
[Site "Dieren, Netherlands"]
[Date "????.??.??"]
[Round "3.15"]
[White "Van Kuijk, Vadim"]
[Black "Bollen, Guus"]
[Result "0-1"]
[WhiteElo "1997"]
[BlackElo "2183"]
[PlyCount "62"]

1. e4 c6 2. d4 d5 3. e5 Bf5 4. h4 h5 5. Bg5 Qb6 6. Bd3 Bxd3 7. Qxd3 e6 8. Nd2
Nd7 9. c4 Bb4 10. cxd5 cxd5 11. Rc1 Ne7 12. Ne2 Nf5 13. O-O Qa6 14. Qxa6 bxa6
15. Nb3 f6 16. Nf4 Kf7 17. Rc7 Rhd8 18. Nxh5 fxg5 19. g4 Nxh4 20. f4 Rac8 21.
fxg5+ Kg8 22. Rb7 Rb8 23. Rxa7 Ra8 24. Rb7 Rab8 25. Ra7 Ng6 26. Rxa6 Rb6 27.
Ra7 Rc6 28. Rc1 Rxc1+ 29. Nxc1 Ngxe5 30. Ra4 Bd2 31. dxe5 Bxc1 0-1

[Event "Dutch Open 2023"]
[Site "Dieren, Netherlands"]
[Date "????.??.??"]
[Round "3.16"]
[White "Boesel, Alexander"]
[Black "Vos, Tjark"]
[Result "0-1"]
[WhiteElo "2002"]
[BlackElo "2178"]
[PlyCount "102"]

1. e4 c5 2. Nf3 d6 3. Bb5+ Nd7 4. O-O a6 5. Bd3 Ngf6 6. Re1 e6 7. c3 b5 8. a4
Bb7 9. axb5 axb5 10. Rxa8 Qxa8 11. Bxb5 Bxe4 12. d3 Bxf3 13. Qxf3 Qxf3 14. gxf3
Be7 15. f4 g6 16. d4 cxd4 17. cxd4 d5 18. Re2 Bd6 19. Rc2 Ke7 20. Kg2 Rb8 21.
Bd3 Rb4 22. Be3 Bxf4 23. Nc3 Bxe3 24. fxe3 Ne8 25. Kf3 Nd6 26. Na2 Rb3 27. Nc1
Rb7 28. Ba6 Rb4 29. Bd3 e5 30. dxe5 Nxe5+ 31. Kf2 h5 32. h3 Ke6 33. Re2 g5 34.
Bb1 f5 35. Nd3 Nxd3+ 36. Bxd3 Ke5 37. Kf3 Rb3 38. Rd2 Ke6 39. Kf2 Kf6 40. Bb1
Nc4 41. Re2 Rxb2 42. Rxb2 Nxb2 43. Kg3 h4+ 44. Kf3 Ke5 45. Bc2 Nc4 46. Ba4 Nd2+
47. Ke2 Ne4 48. Kf3 Nf6 49. Bc2 g4+ 50. hxg4 fxg4+ 51. Kg2 Ke6 0-1

[Event "Dutch Open 2023"]
[Site "Dieren, Netherlands"]
[Date "????.??.??"]
[Round "3.17"]
[White "Boersma, Jan"]
[Black "De Jong, Tom"]
[Result "0-1"]
[WhiteElo "1988"]
[BlackElo "2176"]
[PlyCount "100"]

1. e4 c6 2. c4 d5 3. cxd5 cxd5 4. exd5 Nf6 5. Qa4+ Nbd7 6. Nc3 g6 7. Nf3 Bg7 8.
Bc4 O-O 9. d3 a6 10. Qa3 b6 11. O-O Bb7 12. Re1 Re8 13. Bg5 b5 14. Bb3 Nb6 15.
d6 Qxd6 16. Ne5 Nfd5 17. Nxd5 Nxd5 18. Qxd6 exd6 19. Nd7 Bxb2 20. Bxd5 Bxd5 21.
Nb6 Bxa1 22. Rxa1 Be6 23. Nxa8 Rxa8 24. Bf6 Rc8 25. h3 Kf8 26. a4 b4 27. a5 Ke8
28. g4 Kd7 29. Kg2 b3 30. Ra4 Rb8 31. Bb2 Kc6 32. Kf3 Kb5 33. Ra1 Kb4 34. Ke3
Rc8 35. Ba3+ Kxa5 36. Bxd6+ Kb5 37. Be5 a5 38. Bb2 Rc2 39. Ba3 a4 40. f3 Rh2
41. Ke4 Ra2 42. Rxa2 bxa2 43. Bb2 Kb4 44. d4 Kb3 45. Ba1 Kc2 46. d5 Bxd5+ 47.
Kxd5 Kb1 48. Bf6 a1=Q 49. Bxa1 Kxa1 50. Kc4 Kb2 0-1

[Event "Dutch Open 2023"]
[Site "Dieren, Netherlands"]
[Date "????.??.??"]
[Round "3.19"]
[White "Op den Dries, Johan"]
[Black "Bakija, Alan"]
[Result "1-0"]
[WhiteElo "2093"]
[BlackElo "2089"]
[PlyCount "59"]

1. d4 d5 2. Nc3 Nf6 3. Bf4 c5 4. e3 cxd4 5. exd4 Bg4 6. Be2 Bxe2 7. Qxe2 a6 8.
Nf3 e6 9. O-O Be7 10. Ne5 O-O 11. Rad1 Nbd7 12. Rd3 Rc8 13. Rg3 g6 14. Re1 Nxe5
15. Qxe5 b5 16. a3 Rc6 17. Bg5 Nd7 18. Bxe7 Qxe7 19. Qxd5 Rfc8 20. Qf3 Nb6 21.
d5 Rd6 22. h4 Nc4 23. h5 Nxb2 24. Ne4 exd5 25. Nxd6 Qxe1+ 26. Kh2 Rf8 27. hxg6
hxg6 28. Qf6 Nc4 29. Nxc4 Qe6 30. Rxg6+ 1-0

[Event "Dutch Open 2023"]
[Site "Dieren, Netherlands"]
[Date "????.??.??"]
[Round "3.20"]
[White "Bus, Tom"]
[Black "Baselmans, Luuk"]
[Result "0-1"]
[WhiteElo "2100"]
[BlackElo "2338"]
[PlyCount "84"]

1. Nf3 d5 2. g3 Nf6 3. Bg2 e6 4. O-O Be7 5. d3 c5 6. Nbd2 Nc6 7. e4 O-O 8. e5
Nd7 9. Re1 b5 10. Nf1 a5 11. h4 b4 12. Bf4 a4 13. a3 bxa3 14. bxa3 Ba6 15. N1h2
Re8 16. h5 h6 17. Ng4 Bf8 18. Qc1 Nd4 19. Nxd4 cxd4 20. Bxh6 gxh6 21. Nxh6+
Bxh6 22. Qxh6 Qe7 23. Qf4 Rac8 24. Re2 Rc3 25. Qxd4 Rxa3 26. Rae1 Ra2 27. Qf4
Bb7 28. c4 Rxe2 29. Rxe2 a3 30. h6 Kh8 31. Ra2 Rb8 32. cxd5 Bxd5 33. Bxd5 exd5
34. d4 Rb6 35. Qf3 Ra6 36. Qd3 Ra8 37. Qb5 Qe6 38. Qb4 Qxh6 39. f4 Rb8 40. Qxa3
Rb1+ 41. Kf2 Qh1 42. Qa6 Qh2+ 0-1

[Event "Dutch Open 2023"]
[Site "Dieren, Netherlands"]
[Date "????.??.??"]
[Round "3.21"]
[White "Hu, Yu A"]
[Black "Shakhverdian, William"]
[Result "1/2-1/2"]
[WhiteElo "2056"]
[BlackElo "2129"]
[PlyCount "34"]

1. e4 e5 2. Nf3 Nc6 3. Bb5 a6 4. Ba4 Nf6 5. d4 exd4 6. O-O Be7 7. e5 Ne4 8.
Nxd4 Nxd4 9. Qxd4 Nc5 10. Nc3 O-O 11. Nd5 d6 12. Nxe7+ Qxe7 13. exd6 Qxd6 14.
Qxd6 cxd6 15. Bb3 Nxb3 16. axb3 Be6 17. b4 Rac8 1/2-1/2

[Event "Dutch Open 2023"]
[Site "Dieren, Netherlands"]
[Date "????.??.??"]
[Round "3.23"]
[White "Brouwer, Tim"]
[Black "Brouwer, Mason"]
[Result "0-1"]
[WhiteElo "2107"]
[BlackElo "1990"]
[PlyCount "88"]

1. e4 e6 2. d4 d5 3. exd5 exd5 4. Bd3 h6 5. Bf4 Be6 6. c3 Nf6 7. Qb3 Qc8 8. Nd2
c5 9. dxc5 Bxc5 10. Qc2 Ng4 11. Bg3 Nc6 12. Ngf3 O-O 13. h3 Nf6 14. Nb3 Bb6 15.
Nbd4 Re8 16. O-O Ne4 17. Bh2 Bc7 18. Bxc7 Qxc7 19. Rae1 Nd6 20. Re2 Nxd4 21.
Nxd4 Bd7 22. Rfe1 Rxe2 23. Rxe2 b5 24. Re7 Nc8 25. Re2 a6 26. Bf5 Qd6 27. Qd1
Ne7 28. Bc2 g6 29. Rd2 a5 30. Ne2 Qe5 31. a4 Rb8 32. b4 axb4 33. cxb4 bxa4 34.
Bxa4 Bxa4 35. Qxa4 Qe4 36. Rb2 Nf5 37. Qd1 Rxb4 38. Nc3 Rd4 39. Rb8+ Kh7 40.
Qa1 Qe5 41. Qa7 Nd6 42. Qb6 Rd3 43. Qd8 Ne8 44. Qd7 Qxb8 0-1

[Event "Dutch Open 2023"]
[Site "Dieren, Netherlands"]
[Date "????.??.??"]
[Round "5.1"]
[White "Warmerdam, Max"]
[Black "Prraneeth Vuppala"]
[Result "1-0"]
[WhiteElo "2607"]
[BlackElo "2486"]
[PlyCount "107"]

1. e4 c5 2. Nf3 d6 3. Nc3 Nf6 4. e5 dxe5 5. Nxe5 a6 6. Qe2 Nbd7 7. Nc4 e6 8. g4
b5 9. Bg2 Rb8 10. Ne3 g6 11. h4 Bg7 12. h5 O-O 13. d3 Bb7 14. Bxb7 Rxb7 15.
hxg6 fxg6 16. Bd2 b4 17. Na4 Nd5 18. Nc4 Qe7 19. O-O-O N7b6 20. Naxb6 Nxb6 21.
Kb1 Nxc4 22. dxc4 a5 23. Rh3 a4 24. Rdh1 Qf6 25. Bc1 Bh8 26. Qe4 Re7 27. R1h2
a3 28. Qh1 axb2 29. Be3 b3 30. cxb3 g5 31. Qe4 Rd8 32. Rh1 Red7 33. Bd2 Qe5 34.
Qxe5 Bxe5 35. Bc3 Bd4 36. Kxb2 Bxf2 37. Rh5 Be3 38. a4 Rb8 39. Kc2 Rf8 40. R1h2
Rf3 41. R5h3 Rxh3 42. Rxh3 Bd4 43. Rh5 Be3 44. Rh6 Re7 45. Kd3 Bf4 46. a5 Rd7+
47. Kc2 e5 48. Rc6 e4 49. Rxc5 e3 50. Rd5 Re7 51. a6 e2 52. Ra5 Be3 53. c5 Bd4
54. Be1 1-0

[Event "Dutch Open 2023"]
[Site "Dieren, Netherlands"]
[Date "????.??.??"]
[Round "5.2"]
[White "Sankalp Gupta"]
[Black "De Winter, Arthur"]
[Result "1/2-1/2"]
[WhiteElo "2497"]
[BlackElo "2378"]
[PlyCount "131"]

1. c4 Nf6 2. Nc3 g6 3. e4 d6 4. d4 Bg7 5. h3 O-O 6. Be3 Nc6 7. Nge2 e5 8. d5
Nd4 9. Nxd4 exd4 10. Bxd4 Nxe4 11. Nxe4 Qh4 12. g4 Re8 13. Bg2 Bf5 14. O-O Bxe4
15. Bxg7 Bxg2 16. Kxg2 Kxg7 17. Qd4+ Qf6 18. Qxf6+ Kxf6 19. Rfe1 a5 20. f4 Kg7
21. Kf3 Kf8 22. h4 Kg7 23. Rac1 b6 24. g5 f5 25. Kf2 Kf7 26. Rc2 Rxe1 27. Kxe1
Re8+ 28. Re2 Rxe2+ 29. Kxe2 Ke7 30. Kd3 Kd7 31. Kc3 Kc8 32. b4 axb4+ 33. Kxb4
Kd7 34. Kb5 Kd8 35. Ka6 Kd7 36. Kb7 Kd8 37. Kb8 Kd7 38. a3 Kd8 39. Kb7 Kd7 40.
a4 Kd8 41. Ka6 Kd7 42. a5 bxa5 43. Kxa5 Kd8 44. Kb5 Kd7 45. c5 dxc5 46. Kxc5
Ke7 47. Kc6 Kd8 48. Kb5 Ke7 49. Kc6 Kd8 50. d6 cxd6 51. Kxd6 Ke8 52. Ke6 Kf8
53. Kf6 Kg8 54. Ke7 Kg7 55. Ke8 Kg8 56. Kd7 Kg7 57. Ke7 Kg8 58. Kf6 Kf8 59. h5
gxh5 60. Kxf5 Kg7 61. Ke4 h6 62. gxh6+ Kxh6 63. Kf3 Kg6 64. Kg3 Kf5 65. Kh4
Kxf4 66. Kxh5 1/2-1/2

[Event "Dutch Open 2023"]
[Site "Dieren, Netherlands"]
[Date "????.??.??"]
[Round "5.3"]
[White "Sidhant, Mohapatra"]
[Black "Schoppen, Casper"]
[Result "1/2-1/2"]
[WhiteElo "2419"]
[BlackElo "2498"]
[PlyCount "41"]

1. e4 c5 2. Nf3 Nc6 3. d4 cxd4 4. Nxd4 e6 5. Nc3 Qc7 6. g3 a6 7. Bg2 Nf6 8. O-O
Nxd4 9. Qxd4 Bc5 10. Bf4 d6 11. Qd3 h6 12. Rad1 e5 13. Be3 Bxe3 14. fxe3 Be6
15. Qxd6 Rc8 16. Rf2 Qxd6 17. Rxd6 Nd7 18. Rd3 Nc5 19. Rd6 Nd7 20. Rd3 Nc5 21.
Rd6 1/2-1/2

[Event "Dutch Open 2023"]
[Site "Dieren, Netherlands"]
[Date "????.??.??"]
[Round "5.4"]
[White "Beukema, Stefan"]
[Black "Evengroen, Jan"]
[Result "1-0"]
[WhiteElo "2435"]
[BlackElo "2112"]
[PlyCount "63"]

1. e4 e6 2. d4 d5 3. Nc3 Bb4 4. e5 c5 5. a3 Bxc3+ 6. bxc3 Ne7 7. Qg4 Qc7 8.
Qxg7 Rg8 9. Qxh7 cxd4 10. Ne2 Nbc6 11. f4 Bd7 12. Qd3 dxc3 13. Nxc3 a6 14. Rb1
Na5 15. h4 Nf5 16. Rh3 Nc4 17. h5 O-O-O 18. Rb4 Bc6 19. Nd1 Bb5 20. Qc3 d4 21.
Qxc4 Bxc4 22. Rxc4 Qxc4 23. Bxc4 Rxg2 24. Nf2 Rg1+ 25. Kd2 Ne3 26. Be2 Rdg8 27.
h6 Nf1+ 28. Bxf1 Rxf1 29. h7 Rh8 30. Ne4 Rxf4 31. Nd6+ Kd7 32. Ke2 1-0

[Event "Dutch Open 2023"]
[Site "Dieren, Netherlands"]
[Date "????.??.??"]
[Round "5.5"]
[White "Van Delft, Merijn"]
[Black "Hendriks, Willy"]
[Result "1/2-1/2"]
[WhiteElo "2369"]
[BlackElo "2420"]
[PlyCount "89"]

1. e4 d6 2. d4 Nf6 3. Nc3 g6 4. Be3 c6 5. Qd2 Qa5 6. Nf3 Bg4 7. h3 Bxf3 8. gxf3
Nbd7 9. O-O-O Bg7 10. Kb1 O-O-O 11. h4 Kb8 12. Bh3 Nb6 13. b3 c5 14. Ne2 Qxd2
15. Rxd2 cxd4 16. Bxd4 Nh5 17. Be3 Nd7 18. Ng3 Nhf6 19. h5 Nxh5 20. Nxh5 gxh5
21. Bxd7 Rxd7 22. c4 Bf6 23. Rxh5 Rdd8 24. Rd1 b6 25. f4 Kc7 26. Rg1 Rdg8 27.
Rxg8 Rxg8 28. e5 Rg1+ 29. Kc2 dxe5 30. fxe5 Bg7 31. Rxh7 Bxe5 32. Rxf7 Bf6 33.
a4 Ra1 34. c5 Ra2+ 35. Kd3 Rb2 36. Bd4 Rxb3+ 37. Kc4 Rf3 38. Bxf6 Rxf6 39.
Rxe7+ Kc6 40. cxb6 Rf4+ 41. Kb3 Kxb6 42. Re6+ Ka5 43. Re5+ Kb6 44. Re6+ Ka5 45.
Re5+ 1/2-1/2

[Event "Dutch Open 2023"]
[Site "Dieren, Netherlands"]
[Date "????.??.??"]
[Round "5.6"]
[White "Labruyere, Roger"]
[Black "Van den Doel, Erik"]
[Result "1/2-1/2"]
[WhiteElo "2191"]
[BlackElo "2576"]
[PlyCount "110"]

1. e4 Nc6 2. Nf3 e5 3. d4 exd4 4. Bc4 Nf6 5. O-O Nxe4 6. Re1 d5 7. Bxd5 Qxd5 8.
Nc3 Qh5 9. Nxe4 Be6 10. Bg5 Bd6 11. Nxd6+ cxd6 12. Bf4 Qd5 13. c3 O-O 14. Nxd4
Nxd4 15. Qxd4 Qxd4 16. cxd4 Rfd8 17. a3 Bd5 18. Rac1 Rd7 19. f3 f6 20. h4 h5
21. Rc3 Kf7 22. Kf2 a5 23. Rec1 Ra6 24. Rc7 Ke7 25. R1c2 Bc6 26. Rxd7+ Kxd7 27.
Bd2 Ba4 28. Rc1 Rb6 29. b4 axb4 30. Bxb4 Ra6 31. Rc3 Bc6 32. Re3 Ra8 33. Re1
Bd5 34. Re3 Rg8 35. f4 g6 36. Rg3 Be4 37. Re3 Bd5 38. Rg3 Be6 39. Rc3 Ra8 40.
Ke3 Ra6 41. Rd3 Bd5 42. Kf2 Rb6 43. Rg3 Be4 44. Re3 Bf5 45. Rc3 Rb5 46. Ke3 Be6
47. Rc1 Rf5 48. Rb1 g5 49. g3 gxh4 50. gxh4 Rb5 51. Rb2 Rb6 52. Bc3 Rc6 53. Kd2
b6 54. Rb5 d5 55. a4 Kc7 1/2-1/2

[Event "Dutch Open 2023"]
[Site "Dieren, Netherlands"]
[Date "????.??.??"]
[Round "5.7"]
[White "Zwirs, Nico"]
[Black "Duijker, Rick"]
[Result "1-0"]
[WhiteElo "2443"]
[BlackElo "2198"]
[PlyCount "77"]

1. e4 e6 2. d4 d5 3. Nd2 Nf6 4. e5 Nfd7 5. f4 c5 6. c3 Nc6 7. Ndf3 Qb6 8. a3 a5
9. b3 cxd4 10. cxd4 f6 11. Bd3 Be7 12. Ne2 O-O 13. Bc2 fxe5 14. fxe5 Rxf3 15.
gxf3 Bh4+ 16. Kf1 Ndxe5 17. Kg2 Ng6 18. Be3 Bf6 19. Bxg6 hxg6 20. Qd3 Bd7 21.
Rhc1 Ne7 22. Ng3 Kf7 23. Rab1 Bb5 24. Qd2 Rh8 25. a4 Ba6 26. b4 axb4 27. Rxb4
Qa5 28. Bf4 Bc4 29. Rxb7 Qxa4 30. Be5 g5 31. Re1 Qa3 32. Re3 Qa1 33. Re1 Qa3
34. Re3 Qa1 35. Bxf6 Kxf6 36. Rxe6+ Kxe6 37. Qe3+ Kf6 38. Qxe7+ Kg6 39. Qxg7#
1-0

[Event "Dutch Open 2023"]
[Site "Dieren, Netherlands"]
[Date "????.??.??"]
[Round "5.8"]
[White "Slagboom, Leandro"]
[Black "Hausrath, Daniel"]
[Result "0-1"]
[WhiteElo "2270"]
[BlackElo "2442"]
[PlyCount "96"]

1. e4 c6 2. d4 d5 3. f3 Qb6 4. Nc3 dxe4 5. Bc4 Nf6 6. fxe4 e5 7. dxe5 Ng4 8.
Qe2 Nxe5 9. Bb3 Bg4 10. Nf3 Nbd7 11. h3 Nxf3+ 12. gxf3 Be6 13. Nd5 Qd8 14. Be3
Nc5 15. Bc4 b5 16. Bxb5 Bd7 17. Bxc6 Bxc6 18. O-O-O Qa5 19. Qc4 Rc8 20. Kb1 Ne6
21. f4 Qb5 22. Qc3 Bd7 23. Qe5 Qb8 24. Qh5 Ba3 25. b3 Bc6 26. Qg4 h5 27. Qg3 g6
28. Qh4 Bxd5 29. exd5 Ng7 30. Qf6 Kf8 31. d6 Rd8 32. d7 Be7 33. Qd4 Rg8 34. Qa4
Nf5 35. Bxa7 Qb7 36. Rhe1 Bf6 37. Bc5+ Kg7 38. b4 Ra8 39. Qb3 Rgd8 40. Qd5 Qa6
41. Rd3 Rab8 42. Red1 Rb7 43. Qf3 Rc7 44. c3 Qa3 45. Qf2 Qa4 46. Bb6 Rxc3 47.
Bxd8 Qxb4+ 48. Qb2 Rc1+ 0-1

[Event "Dutch Open 2023"]
[Site "Dieren, Netherlands"]
[Date "????.??.??"]
[Round "5.9"]
[White "Schuricht, Emil Frederick"]
[Black "De Boer, Eelke"]
[Result "0-1"]
[WhiteElo "2018"]
[BlackElo "2270"]
[PlyCount "106"]

1. d4 d5 2. c4 e6 3. Nc3 Nf6 4. cxd5 exd5 5. Bg5 c6 6. e3 Bf5 7. Qf3 Bg6 8.
Bxf6 Qxf6 9. Qxf6 gxf6 10. Nge2 a5 11. Nf4 Bd6 12. g4 a4 13. Nxg6 fxg6 14. a3
Nd7 15. Bd3 Kf7 16. h4 h5 17. gxh5 Rxh5 18. Be2 Rh6 19. h5 Ke7 20. Kd2 g5 21.
Bg4 Kd8 22. Ne2 Nb6 23. Kc3 Kc7 24. Raf1 Re8 25. Rh3 Nc4 26. Bf5 b5 27. Bd3 Rb8
28. Bxc4 bxc4 29. Kc2 f5 30. Nc3 g4 31. Rh4 Be7 32. Rh2 Ra8 33. Rg1 Kb6 34. Kd2
Ka5 35. Ke2 Rah8 36. Rgh1 Rb8 37. Rb1 f4 38. e4 dxe4 39. Nxe4 Re6 40. f3 Rb3
41. Kd1 Rxf3 42. Nd2 Rd3 43. h6 Bf6 44. h7 Rxd4 45. h8=Q Bxh8 46. Rxh8 Red6 47.
Rh2 g3 48. Rg2 f3 49. Rxg3 Rxd2+ 50. Ke1 Rh2 51. Rxf3 Re6+ 52. Kd1 Rh1+ 53. Kc2
Re2+ 0-1

[Event "Dutch Open 2023"]
[Site "Dieren, Netherlands"]
[Date "????.??.??"]
[Round "5.10"]
[White "Beerdsen, Thomas"]
[Black "Bollen, Guus"]
[Result "1-0"]
[WhiteElo "2520"]
[BlackElo "2183"]
[PlyCount "31"]

1. e4 c6 2. d4 d5 3. f3 dxe4 4. fxe4 e5 5. Nf3 Bg4 6. Nbd2 Nd7 7. c3 Bd6 8. Nc4
Bc7 9. Be2 Qe7 10. O-O O-O-O 11. Nfxe5 Bxe2 12. Qxe2 Nxe5 13. Nxe5 Bxe5 14.
dxe5 Qe6 15. Qf2 Qxe5 16. Qxa7 1-0

[Event "Dutch Open 2023"]
[Site "Dieren, Netherlands"]
[Date "????.??.??"]
[Round "5.11"]
[White "Maatman, Nick"]
[Black "Decrop, Hendrik"]
[Result "1/2-1/2"]
[WhiteElo "2362"]
[BlackElo "2033"]
[PlyCount "48"]

1. e4 c5 2. Nc3 d6 3. d4 cxd4 4. Qxd4 Nc6 5. Qd2 g6 6. b3 Bh6 7. f4 Nf6 8. Bb2
O-O 9. O-O-O a5 10. a4 Nb4 11. h3 e5 12. Nge2 Nh5 13. Qxd6 Qxd6 14. Rxd6 Nxf4
15. Nxf4 Bxf4+ 16. Kb1 Be6 17. Be2 Rac8 18. Bg4 Bxg4 19. hxg4 Rc5 20. Rhd1 Bg5
21. Nd5 Nxc2 22. Bxe5 Ne3 23. Bd4 Nxd1 24. Bxc5 Rc8 1/2-1/2

[Event "Dutch Open 2023"]
[Site "Dieren, Netherlands"]
[Date "????.??.??"]
[Round "5.12"]
[White "Pham, Khoi"]
[Black "Vos, Tjark"]
[Result "1/2-1/2"]
[WhiteElo "2361"]
[BlackElo "2178"]
[PlyCount "105"]

1. d4 Nf6 2. c4 e6 3. g3 d5 4. Bg2 Be7 5. Nf3 O-O 6. O-O dxc4 7. Qc2 a6 8. a4
Bd7 9. Qxc4 Bc6 10. Bg5 Bd5 11. Qc2 Be4 12. Qc1 a5 13. Bxf6 Bxf6 14. Nc3 Bxf3
15. Bxf3 c6 16. e3 Na6 17. Rd1 Nb4 18. h4 Rc8 19. Ne4 Be7 20. Qc4 h6 21. Nc3
Qb6 22. Kg2 Rfd8 23. Rac1 Bf6 24. Ne4 Be7 25. Nc5 Nd5 26. e4 Nc7 27. Rc2 Bxc5
28. Qxc5 Qxc5 29. Rxc5 Ra8 30. Be2 Rd6 31. Kf3 Kf8 32. Ke3 Ke7 33. f4 f5 34.
exf5 Nd5+ 35. Kf3 exf5 36. Bd3 Kf6 37. Re1 h5 38. Re5 g6 39. Bc4 Nc7 40. d5 Ra7
41. Bb3 Na6 42. Rc1 Nb4 43. dxc6 Nxc6 44. Rd5 Rxd5 45. Bxd5 Ra6 46. Bxc6 bxc6
47. Ke3 Ke6 48. Kd4 Kd6 49. Re1 Rb6 50. Kc3 Rb4 51. b3 c5 52. Re8 Re4 53. Rd8+
1/2-1/2

[Event "Dutch Open 2023"]
[Site "Dieren, Netherlands"]
[Date "????.??.??"]
[Round "5.13"]
[White "Noordenbos, Daan"]
[Black "Baselmans, Luuk"]
[Result "0-1"]
[WhiteElo "2077"]
[BlackElo "2338"]
[PlyCount "68"]

1. e4 c5 2. Nf3 Nc6 3. d4 cxd4 4. Nxd4 Nf6 5. Nc3 e5 6. Ndb5 d6 7. Nd5 Nxd5 8.
exd5 Nb8 9. a4 Be7 10. Be3 Nd7 11. Qd2 a6 12. Na3 f5 13. f3 O-O 14. Nc4 b6 15.
Ra3 Rb8 16. Be2 Bh4+ 17. g3 f4 18. Bf2 Be7 19. Rb3 Qc7 20. g4 e4 21. fxe4 f3
22. Bd3 b5 23. axb5 axb5 24. Na3 Nc5 25. Rxb5 Bxg4 26. Rg1 Bh5 27. Rxb8 Qxb8
28. Nc4 Bg6 29. Rg4 Qc8 30. Rf4 Nxe4 31. Nb6 Nxd2 32. Nxc8 Rxc8 33. Bxg6 hxg6
34. Rd4 Nc4 0-1

[Event "Dutch Open 2023"]
[Site "Dieren, Netherlands"]
[Date "????.??.??"]
[Round "5.14"]
[White "Van Foreest, Machteld"]
[Black "Kurt, Sascha"]
[Result "1-0"]
[WhiteElo "2291"]
[BlackElo "1986"]
[PlyCount "75"]

1. e4 c5 2. Nf3 e6 3. d4 cxd4 4. Nxd4 Nf6 5. Nc3 d6 6. g4 h6 7. h4 Nc6 8. g5
hxg5 9. Bxg5 Qb6 10. Nb3 Bd7 11. Be2 Rc8 12. Qd2 Ne5 13. O-O-O Be7 14. h5 a5
15. h6 gxh6 16. Bxh6 a4 17. Be3 Rxh1 18. Bxb6 Rxd1+ 19. Qxd1 axb3 20. axb3 Bc6
21. f3 Nfd7 22. Bd4 Ng6 23. Be3 Ra8 24. Kb1 Nf6 25. Nb5 Rd8 26. Nd4 d5 27. Nxc6
bxc6 28. Qh1 Ra8 29. e5 Nd7 30. f4 Nc5 31. Bh5 Nf8 32. Qg1 Nb7 33. Qg8 Nd8 34.
f5 Ra6 35. f6 Bb4 36. c3 d4 37. Bxd4 Ba5 38. Bc5 1-0

[Event "Dutch Open 2023"]
[Site "Dieren, Netherlands"]
[Date "????.??.??"]
[Round "5.15"]
[White "Hu, Yu A"]
[Black "De Jong, Tom"]
[Result "1/2-1/2"]
[WhiteElo "2056"]
[BlackElo "2176"]
[PlyCount "82"]

1. e4 c6 2. d4 d5 3. e5 c5 4. dxc5 e6 5. a3 Bxc5 6. Nf3 Nc6 7. b4 Bb6 8. Bb2
Nge7 9. Bd3 Ng6 10. O-O Nf4 11. Re1 Nxd3 12. Qxd3 O-O 13. Nbd2 Ne7 14. a4 a6
15. a5 Ba7 16. c4 dxc4 17. Qxc4 Bd7 18. Qg4 Bc6 19. Rad1 Qd3 20. Ne4 Qb3 21.
Nf6+ Kh8 22. Qh4 h6 23. Bc1 Nf5 24. Qh5 Qxb4 25. Bd2 Qa4 26. Ra1 Qc2 27. Rac1
Bxf3 28. Rxc2 Bxh5 29. Nxh5 Rac8 30. Rb2 Rfd8 31. Rxb7 Rxd2 32. Rxa7 Rcc2 33.
g4 Rxf2 34. gxf5 Rg2+ 35. Kh1 Rxh2+ 36. Kg1 exf5 37. Nf4 g5 38. e6 gxf4 39. e7
Rhg2+ 40. Kh1 Rh2+ 41. Kg1 Rcg2+ 1/2-1/2

[Event "Dutch Open 2023"]
[Site "Dieren, Netherlands"]
[Date "????.??.??"]
[Round "5.16"]
[White "Koster, Chiel"]
[Black "Weidemann, Jakob"]
[Result "1-0"]
[WhiteElo "2052"]
[BlackElo "2114"]
[PlyCount "89"]

1. e4 c5 2. Nf3 e6 3. d4 cxd4 4. Nxd4 Nf6 5. Nc3 Nc6 6. Ndb5 Bc5 7. Nd6+ Ke7 8.
Bf4 e5 9. Nf5+ Kf8 10. Bg5 d6 11. Ne3 Be6 12. Bd3 h6 13. Bxf6 Qxf6 14. O-O g6
15. Ncd5 Qd8 16. Kh1 Kg7 17. c3 Ne7 18. Bc4 a5 19. Qd3 Rf8 20. Rad1 f5 21. f4
Bxd5 22. Nxd5 Nxd5 23. Qxd5 Qe7 24. exf5 Rxf5 25. fxe5 dxe5 26. Rxf5 gxf5 27.
g4 fxg4 28. Qe4 h5 29. Qf5 Rf8 30. Qxh5 Rf4 31. Bd3 Qf6 32. Qh7+ Kf8 33. Qxb7
Bb6 34. Bb5 Kg8 35. Qb8+ Kh7 36. Rd7+ Kh6 37. Rd6 Kg5 38. Qg8+ Kh4 39. Qh7+ Kg5
40. Qg8+ Kh4 41. Rxf6 Rxf6 42. Qh8+ Kg5 43. Qg7+ Rg6 44. Qxe5+ Kh6 45. Bd3 1-0

[Event "Dutch Open 2023"]
[Site "Dieren, Netherlands"]
[Date "????.??.??"]
[Round "5.17"]
[White "Op den Dries, Johan"]
[Black "Ritzerveld, Noah"]
[Result "1-0"]
[WhiteElo "2093"]
[BlackElo "2007"]
[PlyCount "87"]

1. e4 e5 2. Nf3 Nc6 3. Bc4 Nf6 4. Ng5 d5 5. exd5 Na5 6. Bb5+ c6 7. dxc6 bxc6 8.
Qf3 h6 9. Ne4 cxb5 10. Nxf6+ gxf6 11. Qxa8 Qd7 12. Nc3 Nc6 13. Nd5 Bg7 14. a4
b4 15. c3 Kd8 16. Nxb4 Nxb4 17. cxb4 Ke7 18. b5 Bb7 19. Qxa7 Rc8 20. Qe3 f5 21.
b3 Bxg2 22. Ba3+ Ke8 23. Rg1 Qd5 24. f3 e4 25. fxe4 Qe5 26. exf5 Be4 27. Rd1
Bf6 28. Rg4 Bxf5 29. Qxe5+ Bxe5 30. Rg8+ Kd7 31. Rxc8 Kxc8 32. Rc1+ Kd7 33. Rc5
Ke6 34. Rc6+ Kd5 35. Rxh6 Bd3 36. b6 Ba6 37. Rh5 Ke4 38. b4 f5 39. b5 Bc8 40.
a5 Bd4 41. Rh6 f4 42. a6 f3 43. Rh4+ Kd3 44. Rxd4+ 1-0